000 00644nam a2200193 i 4500
001 28425
003 ES-MaACL
005 20230906153843.0
007 t|
008 030117s1963 sp ||||1| spa d
100 1 _aBaquero Goyanes, Mariano.
_925265
245 1 0 _aPerspectivismo y contraste
_b: (de Cadalso a Pérez de Ayala) /
_cMariano Baquero Goyanes.
260 _aMadrid :
_bGredos,
_c[1963]
300 _a245 p. ;
_c21 cm.
490 1 _aBiblioteca románica hispánica. VII. Campo abierto
830 0 _aBiblioteca románica hispánica. VII. Campo abierto
_9181186
852 _aES-MaACL
_jC-23706
_bR.52447
999 _c28425
_d28425